| 000 | 00693 aa a2200205 4500 | ||
|---|---|---|---|
| 008 | 081021t xxu||||| |||| 00| 0 eng d | ||
| 010 | _aENG-84555 | ||
| 020 | _a815685997 | ||
| 020 | _c225.00 (hb) | ||
| 035 | _aEN-68088 | ||
| 082 | _aN | ||
| 100 | _aFarnishwar Nath Renu | ||
| 245 |
_aFreed from disgrace: _bKalankmukti / _cby Phanishwar Nath Renu; translated from Hindi by Satti Khanna |
||
| 260 |
_aNew Delhi _bOxford University Press |
||
| 260 | _c2007 | ||
| 300 |
_aviii,119p _c22cm |
||
| 700 |
_aKhanna, Sati _ctr |
||
| 942 |
_2ddc _cEN _hN _mFAR |
||
| 999 |
_c17860 _d17860 |
||